Countries Starting With Vowels, Closest to United States - Statistics

General Stats
  • This quiz has been taken 94 times
  • The average score is 16 of 20
Answer Stats
km country % Correct
4112 United Kingdom
92%
5418 Argentina
91%
3252 Iceland
91%
4116 Ireland
91%
2079 Antigua and Barbuda
89%
2592 Ecuador
88%
1363 El Salvador
88%
5660 Austria
82%
5370 Algeria
80%
6615 Uruguay
79%
7117 Australia
76%
5844 Estonia
75%
5342 Andorra
74%
7753 Egypt
74%
5497 Italy
74%
6197 Ukraine
69%
6542 Albania
67%
8098 Armenia
61%
6939 Indonesia
61%
1764 Aruba
53%
No matching quizzes found
Score Distribution
Percent of People with Each Score
Percentile by Number Answered
Your Score History
You have not taken this quiz